Relación de Alonso Dávila Valero, sobre la venta de una casas ubicadas en el barrio del mártir San Sebastián

Detalles Bibliográficos
Formato: Libro
Publicado: s.l., s.f.
Materias:
Colección:Banco de datos
Acervo:Biblioteca Palafoxiana. Colección de Manuscritos
Descripción Física:2 f. ; 31 x 21 cm.
Tema general:Eclesiástica
LEADER 00417nam a22001330004500
035 |a 5251 
245 1 0 |a Relación de Alonso Dávila Valero, sobre la venta de una casas ubicadas en el barrio del mártir San Sebastián 
260 |a s.l., s.f. 
300 |a 2 f. ; 31 x 21 cm. 
650 1 0 |a Eclesiástica 
949 |a R538/073 
942 |c PALAMANU 
943 |g Biblioteca Palafoxiana. Colección de Manuscritos 
999 |c 1073196  |d 1073196